English Alphabet Quiz - Statistics

General Stats
  • This quiz has been taken 1,254 times
  • The average score is 24 of 26
Answer Stats
Letters % Correct
A
99%
B
97%
C
97%
D
97%
E
97%
F
96%
G
95%
H
95%
I
95%
J
94%
P
94%
Q
94%
R
94%
W
94%
K
93%
L
93%
M
93%
N
93%
O
93%
S
93%
T
93%
U
93%
Y
93%
V
92%
X
92%
Z
92%
No matching quizzes found
Score Distribution
Percent of People with Each Score
Percentile by Number Answered
Your Score History
You have not taken this quiz